Mestský cestovný ruch a jeho sociálno-ekonomické účinky

Mestský cestovný ruch - pracovne motivovaný a služobný, turisticky motivovaný. Dynamický rozvoj v posledných rokoch. Sociálno-ekonomické účinky mestského cestovného ruchu.

Salvato in:
Dettagli Bibliografici
Autore principale: Kmeco, Ľubomír
Natura: Capitolo di libro
Lingua:slovacco
Soggetti:
Tags: Aggiungi Tag
Nessun Tag, puoi essere il primo ad aggiungerne!!

MARC

LEADER 00000naa a2200000 4500
001 r038221
005 20230724105509.9
041 0 |a slo 
044 |a SK 
245 1 0 |a Mestský cestovný ruch a jeho sociálno-ekonomické účinky  |c Ľubomír Kmeco 
520 |a Mestský cestovný ruch - pracovne motivovaný a služobný, turisticky motivovaný. Dynamický rozvoj v posledných rokoch. Sociálno-ekonomické účinky mestského cestovného ruchu. 
610 2 0 |a ruch cestovný mestský 
610 2 0 |a rozvoj sociálno-ekonomický 
610 2 0 |a kultúra 
100 1 |a Kmeco, Ľubomír